Online katalóg knižníc regiónu Turca

Diabolské novely (Record no. 22752)

MARC details
000 -LEADER
fixed length control field 01268cam a2200373 a 4500
001 - CONTROL NUMBER
control field 22752
003 - CONTROL NUMBER IDENTIFIER
control field SK-KTurca
005 - DATE AND TIME OF LATEST TRANSACTION
control field 20260422163932.0
008 - FIXED-LENGTH DATA ELEMENTS--GENERAL INFORMATION
fixed length control field 250313s1982 xo d 000 j slo
020 ## - INTERNATIONAL STANDARD BOOK NUMBER
Qualifying information (viaz.)
035 ## - SYSTEM CONTROL NUMBER
System control number VTK30809
035 ## - SYSTEM CONTROL NUMBER
System control number urn:nbn:sk:snk-am3h4nh
035 ## - SYSTEM CONTROL NUMBER
System control number urn:nbn:sk:snk-am00cnbi
035 ## - SYSTEM CONTROL NUMBER
System control number EF41745C-BB29-4B11-AD33-B9E6FD9952E0
040 ## - CATALOGING SOURCE
Original cataloging agency SNK
Language of cataloging slo
Transcribing agency SNK
Description conventions AACR2
041 1# - LANGUAGE CODE
Language code of text/sound track or separate title slo
Language code of original fre
044 ## - COUNTRY OF PUBLISHING/PRODUCING ENTITY CODE
MARC country code xo
ISO country code SK
072 #7 - SUBJECT CATEGORY CODE
Subject category code 821.133.1-3
Subject category code subdivision Francúzska próza, francúzsky písaná
Source konspekt
080 ## - UNIVERSAL DECIMAL CLASSIFICATION NUMBER
Universal Decimal Classification number 821.133.1-32
Edition identifier 2001
080 ## - UNIVERSAL DECIMAL CLASSIFICATION NUMBER
Universal Decimal Classification number (0:82-32)
Edition identifier 2001
100 1# - MAIN ENTRY--PERSONAL NAME
Personal name Barbey d'Aurevilly, Jules,
Dates associated with a name 1808-1889
Relationship aut
240 14 - UNIFORM TITLE
Uniform title Les Diaboliques
Language of a work Slovensky
245 10 - TITLE STATEMENT
Title Diabolské novely
Remainder of title prvých šest
Statement of responsibility, etc. Jules Barbey d'Aurevilly ; [z francúzskeho originálu preložila Tamara Zemková]
250 ## - EDITION STATEMENT
Edition statement 1. vyd.
260 ## - PUBLICATION, DISTRIBUTION, ETC.
Place of publication, distribution, etc. Bratislava
Name of publisher, distributor, etc. Slovenský spisovateľ
Date of publication, distribution, etc. 1982
300 ## - PHYSICAL DESCRIPTION
Extent 258 s.
Dimensions 21 cm
490 1# - SERIES STATEMENT
Series statement Spoločnosť priateľov krásnych kníh
Volume/sequential designation zv. 416
655 #7 - INDEX TERM--GENRE/FORM
Genre/form data or focus term francúzske novely
Source of term SNKPH
700 1# - ADDED ENTRY--PERSONAL NAME
Personal name Zemková, Tamara,
Dates associated with a name 1947-
Relationship trl
830 #0 - SERIES ADDED ENTRY--UNIFORM TITLE
Uniform title Spoločnosť priateľov krásnych kníh
942 ## - ADDED ENTRY ELEMENTS (KOHA)
Source of classification or shelving scheme Dewey Decimal Classification
Koha item type Krásna literatúra pre dospelých
Suppress in OPAC No
Holdings
Stav vyradenia Strata Poškodenie Spôsob nadobudnutia Domovská knižnica Aktuálna knižnica Dátum nadobudnutia Total checkouts Čiarový kód exemplára Date last seen Typ exemplára
      Dar Obecná knižnica Folkušová Obecná knižnica Folkušová 22.04.2026   4734401081 22.04.2026 Krásna literatúra pre dospelých
Projekt je podporený Slovenskou asociáciou knižníc
Prevádzkuje Turčianska knižnica Martin 2026